[Event "27.Schlosspark-Open"]
[Site "Wiesbaden-Biebrich"]
[Date "2015.08.29"]
[Round "4.61"]
[White "Zimmer, Gerald"]
[Black "Reinisch, Markus"]
[Result "1-0"]
[WhiteElo "1934"]
[BlackElo "1644"]
[PlyCount "43"]
[EventDate "2015.??.??"]
[WhiteTeam "SC Bergen-Enkheim"]
[BlackTeam "Wiesbadener SV"]

1. Nf3 Nf6 2. d4 d5 3. c4 e6 4. Nc3 Be7 5. Bg5 O-O 6. e3 Nbd7 7. Be2 c6 8. O-O
h6 9. Bh4 b6 10. cxd5 Nxd5 11. Bg3 Bb7 12. Rc1 a6 13. Ne4 N7f6 14. Nxf6+ Nxf6
15. Qb3 c5 16. dxc5 Bd5 17. Qxb6 Qxb6 18. cxb6 Ne4 19. Bc7 Bd8 20. Rfd1 Bxc7
21. bxc7 Rfc8 22. Ne5 1-0

[Event "27.Schlosspark-Open"]
[Site "Wiesbaden-Biebrich"]
[Date "2015.08.29"]
[Round "4.62"]
[White "Kobs, Stephan"]
[Black "Lehmann, Wolfgang"]
[Result "1-0"]
[WhiteElo "1920"]
[BlackElo "1605"]
[PlyCount "129"]
[EventDate "2015.??.??"]
[WhiteTeam "Hildesheimer SV"]
[BlackTeam "Wiesbadener SV"]

1. e4 c6 2. d4 d5 3. exd5 cxd5 4. c4 e6 5. Nc3 Nf6 6. Nf3 Be7 7. cxd5 Nxd5 8.
Bc4 Nxc3 9. bxc3 O-O 10. O-O Nd7 11. Bd3 b6 12. Be4 Ba6 13. Re1 Rc8 14. Qa4 Nb8
15. Bf4 Bd6 16. Bxd6 Qxd6 17. Rac1 f5 18. Bb1 Bb7 19. Ne5 Qd5 20. f3 Nc6 21.
Bd3 Nxe5 22. Rxe5 Qd6 23. Rce1 Bd5 24. Qc2 a5 25. Kh1 Qc6 26. c4 Bxc4 27. Bxc4
Qxc4 28. Qxc4 Rxc4 29. Rxe6 Rxd4 30. Rxb6 Rd2 31. h3 Rfd8 32. Re7 R2d7 33. Rxd7
Rxd7 34. Rb5 g6 35. Rxa5 Rd1+ 36. Kh2 Ra1 37. Kg3 Kg7 38. Kf4 Kh6 39. h4 Re1
40. Re5 Ra1 41. Re2 Kh5 42. Re7 Kh6 43. Re2 Rd1 44. g3 Kh5 45. g4+ fxg4 46.
fxg4+ Kh6 47. a4 Rf1+ 48. Ke5 Ra1 49. Re4 Kg7 50. Kd5 Rd1+ 51. Rd4 Rh1 52. g5
h6 53. gxh6+ Kxh6 54. Kc5 Kg7 55. a5 Ra1 56. Kb5 Rb1+ 57. Rb4 Ra1 58. a6 Rf1
59. a7 Rf5+ 60. Ka6 Rf8 61. Rb7+ Kh6 62. Re7 Rf1 63. a8=Q Ra1+ 64. Kb7 Rb1+ 65.
Kc8 1-0

[Event "27.Schlosspark-Open"]
[Site "Wiesbaden-Biebrich"]
[Date "2015.08.29"]
[Round "4.63"]
[White "Wachsmann, Dietmar"]
[Black "Triantafillidis, Dimitrios"]
[Result "1-0"]
[WhiteElo "1811"]
[BlackElo "1603"]
[PlyCount "53"]
[EventDate "2015.??.??"]
[WhiteTeam "SC Groß-Umstadt"]
[BlackTeam "SF HN-Biberach"]

1. e4 c6 2. d4 d5 3. exd5 cxd5 4. c4 Nf6 5. Nc3 Bf5 6. Qb3 Nc6 7. cxd5 Na5 8.
Qa4+ Bd7 9. Bb5 a6 10. Bxd7+ Nxd7 11. Nf3 b5 12. Qc2 Nf6 13. O-O Nxd5 14. Qe4
Nxc3 15. bxc3 e6 16. Bg5 Be7 17. Bxe7 Kxe7 18. Rfe1 Nc4 19. d5 Qb6 20. dxe6
fxe6 21. Nd4 Rhf8 22. Nc6+ Kd6 23. Qxe6+ Kc7 24. Qe7+ Kxc6 25. Re6+ Nd6 26.
Qxd6+ Kb7 27. Qxb6+ 1-0

[Event "27.Schlosspark-Open"]
[Site "Wiesbaden-Biebrich"]
[Date "2015.08.29"]
[Round "4.64"]
[White "Köllner, Aaron Noah"]
[Black "John, Volkmar"]
[Result "0-1"]
[WhiteElo "1582"]
[BlackElo "1809"]
[PlyCount "78"]
[EventDate "2015.??.??"]
[WhiteTeam "SV Bergneustadt/Derschlag"]
[BlackTeam "SK Herborn"]

1. d4 Nf6 2. Nf3 d5 3. e3 e6 4. Bd3 c5 5. c3 Nc6 6. Nbd2 Bd6 7. O-O Qc7 8. dxc5
Bxc5 9. e4 O-O 10. Re1 e5 11. exd5 Nxd5 12. Ne4 Be7 13. Ng3 Be6 14. Ng5 Bxg5
15. Bxg5 f6 16. Bc1 Rfe8 17. Qc2 g6 18. Bh6 f5 19. f3 Rac8 20. Qd2 Nd8 21. Bb5
Qb6+ 22. Kh1 Qxb5 23. h4 Nf7 24. h5 Nxh6 25. Qxh6 Bf7 26. hxg6 hxg6 27. Ne2 Qc5
28. Nc1 Qf8 29. Qg5 Kg7 30. g4 Qe7 31. Qd2 Rh8+ 32. Kg2 Nf4+ 33. Kf1 Rh1+ 34.
Kf2 Rh2+ 35. Ke3 Rxd2 36. gxf5 Qd6 37. f6+ Kxf6 38. Rd1 Ng2+ 39. Ke4 Qd5# 0-1

[Event "27.Schlosspark-Open"]
[Site "Wiesbaden-Biebrich"]
[Date "2015.08.29"]
[Round "4.65"]
[White "Wößmann, David"]
[Black "Meaubert, Thomas"]
[Result "0-1"]
[WhiteElo "1476"]
[BlackElo "1801"]
[PlyCount "98"]
[EventDate "2015.??.??"]
[WhiteTeam "Biebertaler SF"]
[BlackTeam "Sfr. Hochheim"]

1. e4 e6 2. d4 d5 3. Nc3 Bb4 4. exd5 exd5 5. Bd2 Bf5 6. Nf3 c6 7. h3 Nd7 8. Ne2
Bd6 9. Nf4 Qc7 10. Nd3 O-O-O 11. Be3 Ngf6 12. Nd2 Rde8 13. Qe2 Qa5 14. c3 Re7
15. g4 Bg6 16. Nb3 Qb6 17. O-O-O Qa6 18. Kb1 Bf4 19. Ka1 Bxe3 20. fxe3 Rhe8 21.
Qf2 Qb6 22. Re1 Ne4 23. Qf4 Qc7 24. Nbc1 Nd2 25. Qf2 Nc4 26. Nf4 Nxe3 27. Nxg6
hxg6 28. Bd3 Nc4 29. Rxe7 Rxe7 30. Bxc4 dxc4 31. Rf1 Qd6 32. Ne2 Qe6 33. Nf4
Qe4 34. Ng2 Qe2 35. Qxe2 Rxe2 36. Nf4 Rh2 37. g5 Kc7 38. a4 Kd6 39. Ka2 Nf8 40.
Rf3 Ne6 41. Nxe6 Kxe6 42. Ka3 a5 43. b3 cxb3 44. Kxb3 Rg2 45. h4 f5 46. Kc4 b6
47. Re3+ Kd7 48. d5 Rg4+ 49. Kd3 cxd5 0-1

[Event "27.Schlosspark-Open"]
[Site "Wiesbaden-Biebrich"]
[Date "2015.08.29"]
[Round "4.66"]
[White "Mönch, Dietmar"]
[Black "Nasshan, Erich"]
[Result "1-0"]
[WhiteElo "1798"]
[BlackElo "1543"]
[PlyCount "65"]
[EventDate "2015.??.??"]
[WhiteTeam "vereinslos"]
[BlackTeam "SC Ramstein"]

1. d4 d5 2. Nf3 Nc6 3. g3 g6 4. Bg2 Nf6 5. O-O Bg7 6. Ne5 Bd7 7. e3 O-O 8. c4
e6 9. Nc3 Ne7 10. b3 c6 11. Bb2 Ne8 12. Na4 f6 13. Nxd7 Qxd7 14. Nc5 Qc8 15.
Ba3 Rf7 16. cxd5 exd5 17. Nd3 f5 18. Ne5 Bxe5 19. dxe5 Nc7 20. Qd3 Qe6 21. f4
Nb5 22. Bb2 Nc7 23. Rac1 Rc8 24. b4 a6 25. a4 Rff8 26. Qd4 Qd7 27. e6 Nxe6 28.
Qh8+ Kf7 29. Qxh7+ Ke8 30. b5 Rf7 31. Qh8+ Rf8 32. Qe5 Qc7 33. Qxe6 1-0

[Event "27.Schlosspark-Open"]
[Site "Wiesbaden-Biebrich"]
[Date "2015.08.29"]
[Round "4.67"]
[White "Jakesevic, Ivan"]
[Black "Krischak, Werner"]
[Result "1-0"]
[WhiteElo "1606"]
[BlackElo "1796"]
[PlyCount "101"]
[EventDate "2015.??.??"]
[WhiteTeam "FC Bierstadt"]
[BlackTeam "SK Marburg"]

1. d4 d5 2. c4 c6 3. e3 Nf6 4. Nc3 e6 5. Nf3 Nbd7 6. Bd3 dxc4 7. Bxc4 b5 8. Bd3
Bb7 9. O-O a6 10. b3 Be7 11. Bb2 O-O 12. h3 Rc8 13. Ne4 Nd5 14. Rc1 Qb6 15. Qe2
h6 16. Rfd1 f5 17. Nc3 c5 18. Nxd5 exd5 19. dxc5 Bxc5 20. Nd4 Bxd4 21. Bxd4 Qe6
22. Qf3 Qf7 23. Rxc8 Bxc8 24. Rc1 Nf6 25. Bxf5 Bxf5 26. Qxf5 Qb7 27. Qe6+ Kh8
28. Bxf6 Rxf6 29. Qc8+ Qxc8 30. Rxc8+ Kh7 31. Rc5 Rd6 32. Kf1 Kg6 33. Ke2 Kf6
34. Kd3 Ke5 35. f4+ Ke6 36. Kd4 g5 37. f5+ Kf6 38. Rxd5 Rc6 39. e4 Rc2 40. Rd6+
Kg7 41. Rxa6 Rxg2 42. Ke5 Rh2 43. Ke6 Rxh3 44. f6+ Kg6 45. Ra7 Re3 46. Rg7+ Kh5
47. e5 g4 48. f7 Rf3 49. Ke7 Kh4 50. f8=Q Rxf8 51. Kxf8 1-0

[Event "27.Schlosspark-Open"]
[Site "Wiesbaden-Biebrich"]
[Date "2015.08.29"]
[Round "4.68"]
[White "Schellen, Sven"]
[Black "Happel, Jürgen"]
[Result "1-0"]
[WhiteElo "1796"]
[BlackElo "1586"]
[PlyCount "93"]
[EventDate "2015.??.??"]
[WhiteTeam "SF Frankfurt"]
[BlackTeam "SV Hofheim"]

1. d4 d5 2. c4 e6 3. Nf3 h6 4. g3 c6 5. Bg2 Nf6 6. O-O Be7 7. Qc2 O-O 8. Rd1
Nbd7 9. Nbd2 a6 10. b3 b5 11. e4 dxe4 12. Nxe4 Bb7 13. Ne5 Qc8 14. cxb5 axb5
15. Nxc6 Bxc6 16. Nxf6+ Nxf6 17. Qxc6 Qxc6 18. Bxc6 Rab8 19. Bf4 Rb6 20. Bf3
Nd5 21. Be3 b4 22. Re1 Bf6 23. Bxd5 exd5 24. a4 bxa3 25. Rxa3 Rb4 26. Rd1 Rfb8
27. Ra5 R8b5 28. Rxb5 Rxb5 29. Rd3 g5 30. Kf1 Kg7 31. Ke1 Kg6 32. Kd2 Be7 33.
Kc2 h5 34. Bd2 f5 35. b4 Bd6 36. Kb3 h4 37. Re3 Kf6 38. gxh4 gxh4 39. Rh3 Be7
40. Rxh4 Ke6 41. Rh6+ Kf7 42. Ka4 Rb8 43. b5 Ra8+ 44. Ra6 Rh8 45. Bf4 Rh4 46.
Be5 Bg5 47. b6 1-0

[Event "27.Schlosspark-Open"]
[Site "Wiesbaden-Biebrich"]
[Date "2015.08.29"]
[Round "4.69"]
[White "Schreer, Maxima"]
[Black "Englert, Fred"]
[Result "0-1"]
[WhiteElo "1410"]
[BlackElo "1794"]
[PlyCount "96"]
[EventDate "2015.??.??"]
[WhiteTeam "SF Friedberg"]
[BlackTeam "SK Klingenberg"]

1. e4 c6 2. Nc3 d5 3. exd5 cxd5 4. d4 g6 5. Nf3 Bg7 6. Be2 Nf6 7. O-O O-O 8.
Re1 Nc6 9. Bb5 Bg4 10. Bxc6 bxc6 11. h3 Bxf3 12. Qxf3 Rb8 13. Rb1 Re8 14. Be3
Nd7 15. Ne2 e5 16. Qg4 Nf6 17. Qg3 Ne4 18. Qg4 h5 19. Qf3 exd4 20. Nxd4 Qd7 21.
Nb3 a5 22. a4 Rb4 23. Re2 Reb8 24. Bf4 Re8 25. Qd3 Ra8 26. f3 Nd6 27. Nc5 Qd8
28. Bg3 Bd4+ 29. Bf2 Bxf2+ 30. Rxf2 Qb6 31. Nd7 Qd8 32. Ne5 Qb6 33. Qd2 Kg7 34.
Qg5 Qc7 35. Qg3 Nf5 36. Qh2 Rxa4 37. f4 Re4 38. h4 f6 39. Nd3 Qb6 40. Kh1 Rae8
41. Rff1 Re2 42. Rfe1 Rxe1+ 43. Nxe1 Qf2 44. Nf3 Ng3+ 45. Qxg3 Qxg3 46. Rg1 Re3
47. f5 Rxf3 48. gxf3 Qh3# 0-1

[Event "27.Schlosspark-Open"]
[Site "Wiesbaden-Biebrich"]
[Date "2015.08.29"]
[Round "4.70"]
[White "Wiest, Kurt"]
[Black "Triantafillidis, Simeon"]
[Result "0-1"]
[WhiteElo "1784"]
[BlackElo "1513"]
[PlyCount "68"]
[EventDate "2015.??.??"]
[WhiteTeam "SV Bergwinkel"]
[BlackTeam "SF HN-Biberach"]

1. e4 e5 2. Bc4 Nf6 3. Nf3 Nc6 4. d3 Bc5 5. Nc3 h6 6. Be3 Bb6 7. Qd2 Bxe3 8.
fxe3 O-O 9. O-O d6 10. Nd5 Be6 11. Nxf6+ Qxf6 12. Bb3 Qg6 13. Nh4 Qg5 14. Nf5
Nd4 15. Nxd4 exd4 16. Rf3 Rae8 17. Rg3 dxe3 18. Qc3 Qe5 19. Qxc7 Qxb2 20. Re1
Bxb3 21. axb3 Rc8 22. Qxd6 Rxc2 23. Qf4 e2 24. Qe3 Rd2 25. Kf2 Rc8 26. Qxh6 Rd1
27. Rxe2 Qa1 28. Qh3 Rf1+ 29. Ke3 Qc1+ 30. Rd2 Re1+ 31. Kf3 Rc6 32. e5 Qxd2 33.
Rxg7+ Kxg7 34. Qg3+ Rg6 0-1

[Event "27.Schlosspark-Open"]
[Site "Wiesbaden-Biebrich"]
[Date "2015.08.29"]
[Round "4.71"]
[White "Roß, Norbert"]
[Black "Wachsmann, Elmar"]
[Result "1-0"]
[WhiteElo "1772"]
[BlackElo "1356"]
[PlyCount "87"]
[EventDate "2015.??.??"]
[WhiteTeam "SV Oberursel"]
[BlackTeam "SC Groß-Umstadt"]

1. d4 d5 2. c4 e6 3. Nc3 Nf6 4. Bg5 Be7 5. Nf3 O-O 6. e3 c6 7. Rc1 Nbd7 8. Bd3
dxc4 9. Bxc4 Nd5 10. Bxe7 Qxe7 11. Ne4 Rd8 12. O-O e5 13. Bxd5 cxd5 14. Nc3 Qd6
15. dxe5 Nxe5 16. Nb5 Qd7 17. Nxe5 Qxb5 18. Qd4 Be6 19. Nd3 Qa5 20. a3 Rac8 21.
Nc5 Qb6 22. Nxe6 fxe6 23. Qxb6 axb6 24. f3 Kf7 25. e4 Ke7 26. exd5 exd5 27.
Rfe1+ Kd6 28. Kf2 Re8 29. Rxc8 Rxc8 30. Re2 Kd7 31. Ke1 Rc6 32. Kd2 Rh6 33. g3
Rc6 34. Kd3 Rc1 35. f4 Rd1+ 36. Kc2 Rd4 37. b3 b5 38. Kc3 Re4 39. Rxe4 dxe4 40.
Kd4 e3 41. Kxe3 Kd6 42. Kd4 Ke6 43. Kc5 b4 44. a4 1-0

[Event "27.Schlosspark-Open"]
[Site "Wiesbaden-Biebrich"]
[Date "2015.08.29"]
[Round "4.72"]
[White "Zerhusen, Martin"]
[Black "Börkey, Joel"]
[Result "1-0"]
[WhiteElo "1768"]
[BlackElo "1482"]
[PlyCount "97"]
[EventDate "2015.??.??"]
[WhiteTeam "SV Oberursel"]
[BlackTeam "Wiesbadener SV"]

1. d4 Nf6 2. c4 e6 3. Nc3 Bb4 4. Bd2 d5 5. e3 O-O 6. a3 Bd6 7. b4 b6 8. Nf3 Bb7
9. Rc1 a5 10. Nb5 Nc6 11. Nxd6 cxd6 12. b5 Ne7 13. a4 Rc8 14. cxd5 Nexd5 15.
Be2 Rxc1 16. Qxc1 Qc8 17. O-O Qxc1 18. Rxc1 Rc8 19. Rxc8+ Bxc8 20. Bd3 Nd7 21.
e4 Ne7 22. Be3 d5 23. e5 Nf8 24. g3 h6 25. h4 Bd7 26. Kg2 Be8 27. g4 Nd7 28.
Kg3 Kh8 29. Ng1 f6 30. f4 fxe5 31. dxe5 Nc5 32. Bxc5 bxc5 33. Ne2 Nc8 34. Bc2
Nb6 35. f5 Bf7 36. Kf4 Nd7 37. g5 hxg5+ 38. hxg5 exf5 39. Bxf5 Nb6 40. e6 Be8
41. Bc2 d4 42. Kf5 d3 43. Bxd3 Nxa4 44. e7 Nb6 45. Nc3 Bd7+ 46. Ke5 Nc8 47. Nd5
Kg8 48. Bf5 Bxf5 49. e8=Q+ 1-0

[Event "27.Schlosspark-Open"]
[Site "Wiesbaden-Biebrich"]
[Date "2015.08.29"]
[Round "4.73"]
[White "Buhr, Patrick"]
[Black "Tampe, Friederike"]
[Result "1-0"]
[WhiteElo "1746"]
[BlackElo "1297"]
[PlyCount "87"]
[EventDate "2015.??.??"]
[WhiteTeam "SC Heimbach-Weis"]
[BlackTeam "Schachforum Darmstadt"]

1. c4 e5 2. g3 Nf6 3. Nc3 d6 4. Bg2 Be7 5. Nf3 Nc6 6. O-O O-O 7. a3 Be6 8. d3
Qd7 9. b4 a6 10. Ne1 Rab8 11. Nc2 d5 12. c5 b6 13. cxb6 cxb6 14. f4 Bd6 15. f5
Bxf5 16. Nxd5 Nxd5 17. Bxd5 Be7 18. Bxc6 Qxc6 19. Rxf5 Rbc8 20. Ne3 Qe6 21. Rf3
Bf6 22. Rf1 Rfd8 23. Bb2 Rc7 24. Rc1 Rcd7 25. Rc4 Bg5 26. Re4 Bxe3+ 27. Rxe3 f6
28. Qc2 b5 29. Ref3 Re7 30. Rc1 e4 31. dxe4 Qxe4 32. Qxe4 Rxe4 33. Rc2 Rde8 34.
Kf2 R4e6 35. Rfc3 Kf7 36. Rc7+ R8e7 37. Rxe7+ Rxe7 38. Rc6 Re6 39. Rxe6 Kxe6
40. Ke3 Kd5 41. Kd3 Kd6 42. e4 Ke6 43. Kd4 g6 44. Kc5 1-0

[Event "27.Schlosspark-Open"]
[Site "Wiesbaden-Biebrich"]
[Date "2015.08.29"]
[Round "4.74"]
[White "Deutsch, Christoph"]
[Black "Schneider, Lutz"]
[Result "0-1"]
[WhiteElo "1358"]
[BlackElo "1747"]
[PlyCount "90"]
[EventDate "2015.??.??"]
[WhiteTeam "SK Gründau"]
[BlackTeam "Vorw.Orient Mainz"]

1. e4 Nf6 2. Nc3 d5 3. exd5 Nxd5 4. Nf3 Bg4 5. h3 Bh5 6. Be2 e6 7. O-O Nxc3 8.
dxc3 Nd7 9. Nd4 Bg6 10. Bd3 Bd6 11. Qf3 c6 12. Re1 Qf6 13. Qxf6 Nxf6 14. Be3
Nd5 15. Bd2 O-O-O 16. b4 Be7 17. Reb1 Bf6 18. a4 e5 19. Bxg6 hxg6 20. Nf3 e4
21. Ng5 Rhe8 22. Nh7 Bxc3 23. Bxc3 Nxc3 24. Rb3 Nd5 25. Ng5 e3 26. fxe3 Rxe3
27. Rxe3 Nxe3 28. Nxf7 Rd2 29. Re1 Nxc2 30. Re8+ Kc7 31. Re7+ Rd7 32. Rxd7+
Kxd7 33. b5 cxb5 34. axb5 Nd4 35. Ne5+ Ke6 36. b6 axb6 37. Nxg6 b5 38. Nf4+ Ke5
39. g3 Ke4 40. Kf2 b4 41. Ne2 Nxe2 42. Kxe2 b3 43. Kd2 Kf3 44. g4 Kg3 45. Kc3
Kxh3 0-1

[Event "27.Schlosspark-Open"]
[Site "Wiesbaden-Biebrich"]
[Date "2015.08.29"]
[Round "4.75"]
[White "Bayer, Martin"]
[Black "Künitz, Klaus"]
[Result "1-0"]
[WhiteElo "1357"]
[BlackElo "1740"]
[PlyCount "97"]
[EventDate "2015.??.??"]
[WhiteTeam "SK Gründau"]
[BlackTeam "TSV Schott Mainz"]

1. e4 e6 2. d4 d5 3. exd5 exd5 4. Nf3 Nf6 5. Bd3 Bg4 6. c3 Nbd7 7. Bf4 Be7 8.
Nbd2 c6 9. h3 Bh5 10. O-O O-O 11. Qc2 Bg6 12. Rfe1 Re8 13. Re2 Qb6 14. Bxg6
hxg6 15. Bg5 Bd6 16. Rae1 Qc7 17. Qb3 Rxe2 18. Rxe2 Re8 19. Rxe8+ Nxe8 20. c4
dxc4 21. Nxc4 Ndf6 22. Nxd6 Nxd6 23. Bf4 Nfe4 24. Ne5 Qa5 25. f3 Qe1+ 26. Kh2
g5 27. Nd3 Qh4 28. g3 Qh6 29. Bxd6 Nxd6 30. Nf2 Qf6 31. Qe3 Kf8 32. Qe5 Qxe5
33. dxe5 Nc4 34. Nd3 Ke7 35. b3 Ne3 36. f4 gxf4 37. gxf4 b6 38. Kg3 c5 39. Kf3
Nf5 40. Ke4 Ke6 41. b4 c4 42. Nc1 b5 43. Ne2 a6 44. a3 g6 45. Nc3 Ne7 46. Kd4
Kf5 47. Ne2 Nc8 48. Ke3 Nb6 49. Nd4# 1-0

[Event "27.Schlosspark-Open"]
[Site "Wiesbaden-Biebrich"]
[Date "2015.08.29"]
[Round "4.76"]
[White "Wilk, David"]
[Black "Knödler, Marcel"]
[Result "0-1"]
[WhiteElo "1734"]
[BlackElo "1253"]
[PlyCount "56"]
[EventDate "2015.??.??"]
[WhiteTeam "SF Mainz"]
[BlackTeam "FC Bierstadt"]

1. e4 c6 2. c4 e5 3. Nf3 d6 4. d4 exd4 5. Qxd4 c5 6. Qc3 h6 7. Bd3 Nc6 8. O-O
Bg4 9. Nbd2 Be7 10. a3 Nf6 11. b4 Ne5 12. Nxe5 dxe5 13. f3 Be6 14. Nb3 cxb4 15.
axb4 Bxb4 16. Qxb4 Qxd3 17. Ba3 Qe3+ 18. Kh1 O-O-O 19. Nc5 b6 20. Nxe6 fxe6 21.
Bb2 Rd7 22. Qb5 Qc5 23. Qa6+ Kb8 24. Ba3 Qc8 25. Qb5 Qc7 26. c5 Rc8 27. cxb6
axb6 28. Rfc1 Qxc1+ 0-1

[Event "27.Schlosspark-Open"]
[Site "Wiesbaden-Biebrich"]
[Date "2015.08.29"]
[Round "4.77"]
[White "Mang, Markus"]
[Black "Masoudi, Kian"]
[Result "1-0"]
[WhiteElo "1724"]
[BlackElo "1241"]
[PlyCount "107"]
[EventDate "2015.??.??"]
[WhiteTeam "SG Kaiserslautern"]
[BlackTeam "SC Bergen-Enkheim"]

1. d4 Nf6 2. c4 c5 3. d5 e6 4. Nc3 exd5 5. cxd5 d6 6. e4 g6 7. Nf3 Bg4 8. Bb5+
Nfd7 9. Bf4 a6 10. Be2 Bxf3 11. Bxf3 b5 12. Qd2 Be7 13. Bh6 Ne5 14. Be2 Nbd7
15. O-O Nf6 16. h3 b4 17. Nd1 Nxe4 18. Qc2 f5 19. Ne3 Bf6 20. Rfe1 Kf7 21. Bf4
Re8 22. f3 Ng5 23. h4 Nexf3+ 24. Bxf3 Nxf3+ 25. gxf3 Bd4 26. Bg5 Qb6 27. Kg2
Qb7 28. Qb3 a5 29. a4 Qd7 30. Nc4 Ra6 31. Bf4 Qd8 32. Bg5 Bf6 33. f4 h6 34.
Rxe8 Qxe8 35. Bxf6 Qe2+ 36. Kh1 Qe4+ 37. Kg1 Kxf6 38. Rf1 Qxd5 39. Qc2 Qd4+ 40.
Rf2 d5 41. Ne5 c4 42. Kf1 Rd6 43. Rf3 Kg7 44. b3 c3 45. Nd3 Qf6 46. Qf2 d4 47.
Ke1 Rc6 48. Kd1 c2+ 49. Kc1 h5 50. Ne5 Rc8 51. Qxd4 Rd8 52. Qa7+ Kg8 53. Rg3
Kf8 54. Nxg6+ 1-0

[Event "27.Schlosspark-Open"]
[Site "Wiesbaden-Biebrich"]
[Date "2015.08.29"]
[Round "4.78"]
[White "Gläßer, Leonhard"]
[Black "Traut, Stefan"]
[Result "1/2-1/2"]
[WhiteElo "1403"]
[BlackElo "1723"]
[PlyCount "57"]
[EventDate "2015.??.??"]
[WhiteTeam "FC Bierstadt"]
[BlackTeam "SF Heusenstamm"]

1. Nf3 Nf6 2. b4 d5 3. e3 g6 4. Bb2 Bg7 5. d4 O-O 6. Nbd2 Nbd7 7. Bd3 b6 8. O-O
Bb7 9. Nb3 Rc8 10. Ba3 Re8 11. c4 dxc4 12. Bxc4 e6 13. Nbd2 Ne4 14. Nxe4 Bxe4
15. Rc1 Bb7 16. Qe2 Rb8 17. Bb5 Qc8 18. Qc4 a6 19. Bxd7 Qxd7 20. Qxc7 Qxc7 21.
Rxc7 Rec8 22. Rfc1 b5 23. h3 Bf8 24. Ne5 Bd6 25. Rxc8+ Rxc8 26. Rxc8+ Bxc8 27.
Nc6 Bb7 28. Na5 Bd5 29. Nb3 1/2-1/2

[Event "27.Schlosspark-Open"]
[Site "Wiesbaden-Biebrich"]
[Date "2015.08.29"]
[Round "4.79"]
[White "Kuschel, Heidi"]
[Black "Hegener, Daniel"]
[Result "1/2-1/2"]
[WhiteElo "1713"]
[BlackElo "1143"]
[PlyCount "44"]
[EventDate "2015.??.??"]
[WhiteTeam "SVG Lauterbach"]
[BlackTeam "SC Eschborn"]

1. Nf3 d5 2. g3 c5 3. Bg2 Nf6 4. O-O Nc6 5. d4 Qb6 6. e3 Bg4 7. c3 e6 8. Qa4
Bxf3 9. Bxf3 Be7 10. Nd2 O-O 11. Bg2 Rfe8 12. f4 cxd4 13. cxd4 Rac8 14. a3 Qa5
15. Qd1 Qa6 16. Nf3 Ne4 17. Ne5 Nxe5 18. fxe5 Rc7 19. Bxe4 dxe4 20. Qh5 g6 21.
Qg4 Qd3 22. Qf4 Rf8 1/2-1/2

[Event "27.Schlosspark-Open"]
[Site "Wiesbaden-Biebrich"]
[Date "2015.08.29"]
[Round "4.80"]
[White "Kunkel, Wolfgang"]
[Black "Porstendörfer, Eric"]
[Result "1-0"]
[WhiteElo "1705"]
[BlackElo "1060"]
[PlyCount "69"]
[EventDate "2015.??.??"]
[WhiteTeam "SK Gießen"]
[BlackTeam "SK Klingenberg"]

1. g4 e5 2. Bg2 Nc6 3. c3 Bc5 4. e3 Be7 5. Ne2 Nf6 6. h3 O-O 7. O-O b6 8. d4
Rb8 9. d5 Na5 10. f4 e4 11. g5 Nxd5 12. Qxd5 Bb7 13. Qd1 Nc4 14. b3 Nd6 15. Ng3
Re8 16. Bb2 Bf8 17. Nd2 Be7 18. h4 Bf8 19. f5 Qe7 20. c4 f6 21. Qg4 Kh8 22. Nh5
fxg5 23. f6 Qf7 24. fxg7+ Bxg7 25. Bxg7+ Qxg7 26. Nxg7 Kxg7 27. Qxg5+ Kh8 28.
Qf6+ Kg8 29. Rf4 h5 30. Qg6+ Kh8 31. Qxh5+ Kg7 32. Rg4+ Kf6 33. Rf1+ Ke7 34.
Qg5+ Ke6 35. Qf6# 1-0

[Event "27.Schlosspark-Open"]
[Site "Wiesbaden-Biebrich"]
[Date "2015.08.29"]
[Round "4.81"]
[White "Gießelbach, Christian"]
[Black "Pade, Joachim"]
[Result "0-1"]
[WhiteElo "1083"]
[BlackElo "1676"]
[PlyCount "70"]
[EventDate "2015.??.??"]
[WhiteTeam "TuS Dotzheim"]
[BlackTeam "SC Butzbach"]

1. d4 e6 2. c4 f5 3. Nc3 Nf6 4. g3 Be7 5. Bg2 O-O 6. Nf3 d6 7. O-O Ne4 8. Qc2
Nxc3 9. Qxc3 Bf6 10. Rd1 a5 11. a4 Nc6 12. Qc2 Nb4 13. Qd2 h6 14. b3 Qe8 15.
Bb2 g5 16. Ne1 e5 17. dxe5 dxe5 18. Nd3 Nc6 19. h3 Nd4 20. Nc5 c6 21. e3 Ne6
22. Nxe6 Bxe6 23. Qd6 Bc8 24. f4 gxf4 25. exf4 Be6 26. fxe5 Rd8 27. Qc7 Rf7 28.
Qxa5 Bg5 29. Qb6 Rfd7 30. Rxd7 Qxd7 31. a5 Qd3 32. Kh2 Qe2 33. Bc1 Rd7 34. Bxg5
hxg5 35. Kg1 Rd2 0-1

[Event "27.Schlosspark-Open"]
[Site "Wiesbaden-Biebrich"]
[Date "2015.08.29"]
[Round "4.82"]
[White "Peschk, Kathrin"]
[Black "Rapp, Matthias"]
[Result "0-1"]
[WhiteElo "1309"]
[BlackElo "1792"]
[PlyCount "44"]
[EventDate "2015.??.??"]
[WhiteTeam "SV Groß-Gerau"]
[BlackTeam "TSV Schott Mainz"]

1. f4 e5 2. e3 b6 3. Nf3 exf4 4. exf4 Bb7 5. d4 Nf6 6. Nbd2 Bd6 7. g3 O-O 8.
Bg2 Re8+ 9. Kf2 Ng4+ 10. Kg1 Ne3 11. Qe2 Nxc2 12. Qd3 Nxa1 13. Ng5 Bxg2 14.
Qxh7+ Kf8 15. Qh8+ Ke7 16. Qxg7 Bd5 17. Kf2 Nc2 18. Ngf3 Nc6 19. f5 Qc8 20. f6+
Kd8 21. Qxf7 Re2+ 22. Kg1 Bxf7 0-1

[Event "27.Schlosspark-Open"]
[Site "Wiesbaden-Biebrich"]
[Date "2015.08.29"]
[Round "4.83"]
[White "Pantlowsky, Luisa"]
[Black "Falkenhainer, Sven"]
[Result "0-1"]
[WhiteElo "1261"]
[BlackElo "1771"]
[PlyCount "76"]
[EventDate "2015.??.??"]
[WhiteTeam "FC Bierstadt"]
[BlackTeam "SC Bergen-Enkheim"]

1. e4 e6 2. Nf3 d5 3. exd5 exd5 4. d4 Bg4 5. Be2 Nf6 6. Nc3 c6 7. Bg5 Bd6 8.
Qd3 Nbd7 9. h3 Bh5 10. Qe3+ Qe7 11. Qxe7+ Bxe7 12. O-O-O O-O-O 13. g4 Bg6 14.
Bd3 Bxd3 15. Rxd3 Bd6 16. Re1 h6 17. Bxf6 Nxf6 18. Ne5 Rhf8 19. Na4 Ne4 20. Re2
Rde8 21. Nf3 f5 22. Nh2 Bxh2 23. f3 Bf4+ 24. Kd1 Nd6 25. Nc5 Rxe2 26. Kxe2 Re8+
27. Kd1 fxg4 28. hxg4 Re3 29. Rxe3 Bxe3 30. Ne6 g5 31. Ke2 Bf4 32. Kd3 b6 33.
b3 Kd7 34. Ng7 Ne8 35. Nxe8 Kxe8 36. c4 Ke7 37. c5 b5 38. Kc3 Ke6 0-1

[Event "27.Schlosspark-Open"]
[Site "Wiesbaden-Biebrich"]
[Date "2015.08.29"]
[Round "4.84"]
[White "Jahraus, Marlis"]
[Black "Lessmann, Sven"]
[Result "1-0"]
[WhiteElo "1249"]
[BlackElo "1627"]
[PlyCount "57"]
[EventDate "2015.??.??"]
[WhiteTeam "SC Untergrombach"]
[BlackTeam "SC Bad Soden"]

1. e4 d6 2. d4 Nf6 3. Nc3 g6 4. Be3 Bg7 5. Qd2 O-O 6. O-O-O Nbd7 7. f3 c6 8. g4
b5 9. Bh6 b4 10. Nce2 Qa5 11. Kb1 Nb6 12. Bxg7 Kxg7 13. Nc1 Na4 14. Nb3 Qb6 15.
h4 h5 16. e5 dxe5 17. dxe5 Nd5 18. Ne2 hxg4 19. h5 Ne3 20. hxg6 fxg6 21. Ned4
Rxf3 22. Nxf3 gxf3 23. Re1 Nf5 24. Qh2 Kf7 25. Bd3 Ng7 26. Qf4+ Bf5 27. Bxf5
gxf5 28. e6+ Kg8 29. Qh6 1-0

[Event "27.Schlosspark-Open"]
[Site "Wiesbaden-Biebrich"]
[Date "2015.08.29"]
[Round "4.85"]
[White "Deutsch, Oliver"]
[Black "Viol, Julius"]
[Result "0-1"]
[WhiteElo "1124"]
[BlackElo "1555"]
[PlyCount "94"]
[EventDate "2015.??.??"]
[WhiteTeam "SK Gründau"]
[BlackTeam "FC Bierstadt"]

1. e4 c5 2. Nf3 a6 3. d4 cxd4 4. Nxd4 e5 5. Nf3 Nf6 6. Nc3 Bb4 7. Bd3 Nc6 8.
O-O O-O 9. Bg5 h6 10. Bh4 d6 11. Qc1 Bxc3 12. bxc3 Be6 13. Nd2 b5 14. c4 bxc4
15. Bxc4 Nd4 16. Re1 Bxc4 17. Nxc4 Rc8 18. Ne3 Rc6 19. c3 Re8 20. Nd5 Re6 21.
Bxf6 Rxf6 22. Nxf6+ Qxf6 23. Qd2 Nb5 24. Rac1 Qe6 25. Qd5 Qc8 26. c4 Nd4 27.
Rc3 Nb5 28. Rcc1 Rc5 29. Qd3 Nd4 30. f3 Ra5 31. Qd2 Qc5 32. Red1 Nxf3+ 33. Kf1
Nxd2+ 34. Rxd2 Qe3 35. Rdc2 Rxa2 36. c5 Qd3+ 37. Ke1 Rxc2 38. Rxc2 Qxc2 39.
cxd6 Qd3 40. Kf2 a5 41. d7 Qxd7 42. Ke3 Qd4+ 43. Ke2 a4 44. Ke1 Qb2 45. Kd1 a3
46. Ke1 a2 47. Kd1 a1=R# 0-1